Quiz o Słowenii - Statystyki

Ogólne statystyki
  • Ten quiz został rozwiązany 5 879 razy
  • Średni wynik to 12 z 19
Statystyki odpowiedzi
Wskazówka Odpowiedź % Poprawnych
Graniczące państwa Austria
96%
Graniczące państwa Chorwacja
96%
Język urzędowy Słoweński
96%
Stolica Lublana
94%
Graniczące państwa Węgry
94%
Graniczące państwa Włochy
94%
Waluta Euro
92%
Państwo, od którego Słowenia uzyskała niepodległość w 1991 roku Jugosławia
88%
Część Morza Śródziemnego, z którym graniczy Słowenia Morze {Adriatyckie}
71%
Grupa zrzeszająca Polaków, Słoweńców i Rosjan Słowianie
71%
Słoweńska modelka, która została pierwszą damą w USA i piastowała ten urząd w latach 2017-2021 {Melania} Trump
68%
Pomiędzy rokiem 1880 a 1910 około 1/6 Słoweńców wyemigrowało, najczęściej do tego kraju Stany Zjednoczone
55%
Pasmo, w którym znajduje się powyższa góra {Alpy} Julijskie
37%
Drugie miasto pod względem wielkości Maribor
34%
Słowenię zamieszkują ślepe salamandry wodne znane jako „odmieńce jaskiniowe”. Gdzie je znajdziesz? W {Jaskini}
32%
Nazwij jedną z trzech głównych rzek, które płyną przez Słowenię Sawa | Drawa | Mura
24%
Typ budowli, który możesz odwiedzić na maleńkiej wyspie na środku jeziora Bled Kościół
22%
Najwyższa góra, występuje na fladze Słowenii Triglav
20%
Poprzednia waluta Tolar
12%
Nie znaleziono quizów pasujących do podanych kryteriów
Rozkład punktacji
Procent ludzi z każdym wynikiem
Percentyl według liczby udzielonych odpowiedzi
Twoja historia wyników
Nie rozwiązałeś tego quizu